LEADER 01157nam a22003015i 4500 001 991002225199707536 007 cr nn 008mamaa 008 121227s1988 gw | s |||| 0|eng d 020 $a9783540458920 035 $ab14140755-39ule_inst 040 $aBibl. Dip.le Aggr. Matematica e Fisica - Sez. Matematica$beng 082 04$a515$223 084 $aAMS 46B20 245 00$aFunctional analysis$h[e-book] :$bproceedings of the seminar at the University of Texas at Austin, 1986-87 /$cedited by Edward W. Odell, Haskell P. Rosenthal 260 $aBerlin :$bSpringer,$c1988 300 $a1 online resource (v, 207 p.) 440 0$aLecture Notes in Mathematics,$x0075-8434 ;$v1332 650 0$aMathematics 650 0$aGlobal analysis (Mathematics) 700 1 $aOdell, Edward W. 700 1 $aRosenthal, Haskell P. 773 0 $aSpringer eBooks 856 40$uhttp://dx.doi.org/10.1007/BFb0081607$zAn electronic book accessible through the World Wide Web 907 $a.b14140755$b03-03-22$c05-09-13 912 $a991002225199707536 996 $aFunctional analysis$955720 997 $aUNISALENTO 998 $ale013$b05-09-13$cm$d@ $e-$feng$ggw $h0$i0 LEADER 01366oam 2200433Ia 450 001 9910703070803321 005 20230902162036.0 035 $a(CKB)4330000001849788 035 $a(OCoLC)664557039 035 $a(EXLCZ)994330000001849788 100 $a20100920d2010 ua 0 101 0 $aeng 135 $aurmn||||||||| 181 $ctxt$2rdacontent 182 $cc$2rdamedia 183 $acr$2rdacarrier 200 10$aGearbox Reliability Collaborative$b[electronic resource] $egearbox inspection metadata /$fKristin Munch and Mark McDade 210 1$aGolden, CO :$cNational Renewable Energy Laboratory,$d[2010] 215 $a1 online resource (4 pages) $cdigital, PDF file 225 1 $aNREL/TP ;$v550-49133 300 $aTitle from title screen (viewed Sept. 20, 2010). 300 $a"September 2010." 410 0$aNREL/TP ;$v550-49133. 517 $aGearbox Reliability Collaborative 606 $aGearing$vDatabases 606 $aWind turbines 615 0$aGearing 615 0$aWind turbines. 700 $aMunch$b Kristin$01417477 701 $aMcDade$b Mark$01404721 712 02$aNational Renewable Energy Laboratory (U.S.) 801 0$bSOE 801 1$bSOE 801 2$bSOE 801 2$bGPO 906 $aBOOK 912 $a9910703070803321 996 $aGearbox Reliability Collaborative$93525972 997 $aUNINA